History Quiz

Random History or Asia Quiz

Clickable Asian History Quiz Stats

 Plays Quiz Updated Aug 11, 2017

Support Sporcle.
Go Orange.
Score 0/49 Timer 12:00
0 Plays Today
% Correct
Saudi Arabia
72.4%
India
72%
China
69.9%
Jordan
69.5%
Mongolia
69.5%
Philippines
66.1%
Cambodia
64.6%
Afghanistan
64.5%
Japan
63.5%
Vietnam
62.4%
Oman
60.2%
United Arab Emirates
59.1%
Kuwait
58.7%
Yemen
58.3%
Timor-Leste
51.7%
Turkey
49.7%
Kazakhstan
46.3%
Palestine
44.2%
Iraq
44.2%
Lebanon
42.5%
Russia
42.5%
North Korea
42%
Bangladesh
41.5%
Syria
40.9%
Bahrain
40.9%
% Correct
Qatar
40.7%
Nepal
37.3%
Israel
35.2%
Uzbekistan
33.9%
Bhutan
32.6%
Taiwan
31.3%
Thailand
29.8%
Pakistan
29.4%
Singapore
29.2%
Turkmenistan
29.2%
Sri Lanka
29%
Malaysia
26.7%
Myanmar
24.9%
South Korea
23.9%
Laos
22.3%
Armenia
21.8%
Iran
19.8%
Kyrgyzstan
19.1%
Azerbaijan
18.5%
Georgia
17.4%
Maldives
16.8%
Indonesia
14.8%
Brunei
11.3%
Tajikistan
9.2%

You're not logged in!

Compare scores with friends on all Sporcle quizzes.
OR
Log In
Forgot?

From the Vault

The Unwelcome Literary Guest III

by Thebiguglyalien

How do you kick a character out of a book?
Remove Ads.
Support Sporcle.
Get the best of Sporcle when you Go Orange. This ad-free experience offers more features, more stats, and more fun while also helping to support Sporcle. Thank you for becoming a member.

Show Comments

Extras

Top Quizzes Today


Score Distribution

Your Account Isn't Verified!

In order to create a playlist on Sporcle, you need to verify the email address you used during registration. Go to your Sporcle Settings to finish the process.

Report this User

Report this user for behavior that violates our Community Guidelines.

Details: